00525nam a22001697a 4500082002500000100002200025245002900047250001100076260005800087300001700145526003700162526003700199526003700236526003700273526003700310650000800347 a624bROUcL-40, P-72 aE-in-C Branch Rwp aMES Routine Instructions aPart-1 aRawalpindibEngineer-in-Cheif Branch Rawalpindic2005 aP-362bIllus a0b0c0d624_000000000000000_ROU a0b0c0d624_000000000000000_ROU a0b0c0d624_000000000000000_ROU a0b0c0d624_000000000000000_ROU a0b0c0d624_000000000000000_ROU aMCE